000 00514nam a2200181Ia 4500
005 20250508160057.0
008 008 250505s9999 xx 000 0 eng d
037 _aTextual
040 _aFEDL
_beng
_cFEDL
041 _aeng
_2eng
084 _a379.173, REE
_qFEDL
100 _aReeves Floyd W
_9759795
245 0 _aEducation for rural America
260 _aChicago, USA
_bThe University of Chicago Press
_c1945
300 _a213p.
942 _cTEXL
_h379.173, REE
999 _c1361533
_d1361533